000 01077nam1a2200265 i 4500
001 RU\NLR\BIBL_A\011292762
005 20241114231928.0
035 _a(NLR Aleph) 011292762
090 _a10931577
_c10931577
100 _a20160803g20159999k y0rusy50 ca
101 0 _arus
102 _aRU
105 _a||||z||||||||
200 1 _aИменитые богатыри Обского края
_f[гл. ред.: С.С. Динисламова, к.филол.н.]
210 _aХанты-Мансийск
_cЮгорский формат
_d2015
215 _d25
606 _aМансийский язык
_jКниги для чтения
_91589752
_3RU\NLR\AUTH\66698580
606 _aГероический эпос мансийский
_92623240
_3RU\NLR\AUTH\661559800
686 1 _aШ3(251.1=Ма)-611.0
686 1 _aШ166.511-93рус91
702 1 _4570
_7ca
_8rus
_aДинисламова
_bС. С.
_f1960-
_gСветлана Силивёрстовна
_9237382
_3RU\NLR\AUTH\770237438
852 _aNLR
_j2016-7/3703
942 _cBOOK